[Event "Mlada Boleslav Region-ch U16"]
[Site "Mlada Boleslav"]
[Date "2017.06.24"]
[Round "4"]
[White "Stepan, Vojtech"]
[Black "Heger, Jan"]
[Result "0-1"]
[WhiteElo "1710"]
[BlackElo "1357"]
[PlyCount "90"]
[EventDate "2017.06.24"]
[EventType "swiss"]
[EventRounds "7"]
[EventCountry "CZE"]
[SourceTitle "CBM 179 Extra"]
[Source "ChessBase"]
[SourceDate "2017.08.23"]
[SourceVersion "1"]
[SourceVersionDate "2017.08.23"]
[SourceQuality "1"]

1. e4 g6 2. d4 Bg7 3. c4 e6 4. Nc3 Ne7 5. f4 d6 6. Nf3 Nd7 7. Be3 0-0 8. Be2 c5 9. d5 e5 10. Nb5 Nb6 11. fxe5 a6 12. Nc3 f5 13. e6 Bxc3+ 14. bxc3 fxe4 15. Nd2 Nf5 16. Bf2 e3 17. Nf3 exf2+ 18. Kxf2 Nh4 19. Qb3 Nxf3 20. gxf3 Rb8 21. h4 Na8 22. Rag1 Nc7 23. Qc2 Rf6 24. h5 Qe8 25. Qe4 Nxe6 26. hxg6 hxg6 27. Qh4 Kf7 28. dxe6+ Kxe6 29. Re1 Qf7 30. Qg4+ Ke7 31. Bd3+ Kd8 32. Rh8+ Kc7 33. Qe4 Be6 34. Rh6 Re8 35. Rb1 Bc8 36. Qd5 Qxd5 37. cxd5 Ref8 38. Rxg6 Rxf3+ 39. Ke2 Rf2+ 40. Ke1 Rxa2 41. Rg7+ Kb8 42. Rg6 Re8+ 43. Kd1 Re3 44. Bc4 Rh2 45. Bxa6 Rh1+ 0-1

[Event "Mlada Boleslav Region-ch"]
[Site "Mlada Boleslav"]
[Date "2015.06.21"]
[Round "5"]
[White "Stepan, Vojtech"]
[Black "Novotny, Martin"]
[Result "0-1"]
[WhiteElo "1294"]
[BlackElo "1501"]
[PlyCount "87"]
[EventDate "2015.06.20"]
[EventType "swiss"]
[EventRounds "7"]
[EventCountry "CZE"]
[SourceTitle "EXT 2017"]
[Source "ChessBase"]
[SourceDate "2016.10.25"]
[SourceVersion "1"]
[SourceVersionDate "2016.10.25"]
[SourceQuality "1"]

1. e4 d6 2. d4 Nf6 3. Nc3 g6 4. Be3 Bg7 5. Nf3 0-0 6. Be2 Nc6 7. 0-0 e5 8. dxe5 Nxe5 9. Nxe5 dxe5 10. Bg5 Be6 11. Bf3 c6 12. Rb1 Qc7 13. Qe2 Rad8 14. Rfd1 Rxd1+ 15. Rxd1 Rd8 16. Rd2 Rxd2 17. Qxd2 Qd7 18. Qxd7 Nxd7 19. b3 f5 20. Be3 a6 21. h3 Nf6 22. Kf1 Kf7 23. Ke2 Bf8 24. Bd2 Bb4 25. Ke3 Bxc3 26. Bxc3 f4+ 27. Kd3 Nd7 28. h4 Kf6 29. g4 h6 30. Bb4 c5 31. Bc3 b5 32. Ba5 g5 33. Bd8+ Kg6 34. h5+ Kf7 35. Ba5 Nf6 36. Ke2 Bxg4 37. Bxg4 Nxg4 38. Bc7 Ke6 39. Bb6 Nf6 40. f3 Nd7 41. Ba5 Nf6 42. Bb6 Kd6 43. Ba7 Nxh5 44. Bb8+ 0-1

[Event "Mlada Boleslav Region-ch"]
[Site "Mlada Boleslav"]
[Date "2015.06.20"]
[Round "1"]
[White "Stepan, Vojtech"]
[Black "Zvolensky, David"]
[Result "0-1"]
[WhiteElo "1294"]
[BlackElo "1538"]
[PlyCount "79"]
[EventDate "2015.06.20"]
[EventType "swiss"]
[EventRounds "7"]
[EventCountry "CZE"]
[SourceTitle "EXT 2017"]
[Source "ChessBase"]
[SourceDate "2016.10.25"]
[SourceVersion "1"]
[SourceVersionDate "2016.10.25"]
[SourceQuality "1"]

1. e4 e6 2. d4 d5 3. exd5 exd5 4. Nf3 Bd6 5. Nc3 c6 6. Bd3 Nf6 7. 0-0 0-0 8. Re1 Bg4 9. h3 Bh5 10. Bg5 Nbd7 11. Re3 h6 12. Bh4 Bf4 13. Re1 Qb6 14. Na4 Qc7 15. Bxf6 Nxf6 16. c3 Rfe8 17. Rxe8+ Rxe8 18. Bc2 Ne4 19. Qd3 Bg6 20. Qd1 b6 21. a3 Qd7 22. Nh4 Bh7 23. Qg4 Qc7 24. Bxe4 Rxe4 25. g3 f5 26. Qf3 g5 27. gxf4 gxh4 28. Kh1 Qxf4 29. Rg1+ Kh8 30. Qg2 Re7 31. b4 Qe4 32. Qxe4 Rxe4 33. f3 Re3 34. Rf1 f4 35. Kg2 b5 36. Nc5 Rxc3 37. Ra1 Rc2+ 38. Kg1 Re2 39. Nd7 Bf5 40. Ne5 0-1

[Event "Mlada Boleslav Region-ch U20"]
[Site "Mlada Boleslav"]
[Date "2014.06.22"]
[Round "6"]
[White "Stepan, Vojtech"]
[Black "Novotny, Martin"]
[Result "1/2-1/2"]
[WhiteElo "1252"]
[BlackElo "1295"]
[PlyCount "45"]
[EventDate "2014.06.21"]
[EventType "swiss"]
[EventRounds "7"]
[EventCountry "CZE"]
[SourceTitle "EXT 2016"]
[Source "ChessBase"]
[SourceDate "2015.10.08"]
[SourceVersion "1"]
[SourceVersionDate "2015.10.08"]
[SourceQuality "1"]

1. e4 e5 2. Nf3 Nc6 3. Bb5 Nf6 4. Nc3 Bb4 5. a3 Bxc3 6. bxc3 d6 7. h3 h6 8. d3 Bd7 9. Be3 0-0 10. 0-0 a6 11. Ba4 Re8 12. Rb1 b5 13. Bb3 Ne7 14. Re1 c5 15. Bc1 Nc6 16. a4 Rb8 17. Be3 Be6 18. Bxe6 Rxe6 19. axb5 Rxb5 20. Rxb5 axb5 21. Qb1 Qb6 22. Qb2 Re8 23. Rd1 1/2-1/2

[Event "Mlada Boleslav Region-ch U20"]
[Site "Mlada Boleslav"]
[Date "2014.06.22"]
[Round "7"]
[White "Vojta, Jakub"]
[Black "Stepan, Vojtech"]
[Result "1/2-1/2"]
[WhiteElo "1322"]
[BlackElo "1252"]
[PlyCount "71"]
[EventDate "2014.06.21"]
[EventType "swiss"]
[EventRounds "7"]
[EventCountry "CZE"]
[SourceTitle "EXT 2016"]
[Source "ChessBase"]
[SourceDate "2015.10.08"]
[SourceVersion "1"]
[SourceVersionDate "2015.10.08"]
[SourceQuality "1"]

1. c4 e5 2. Nc3 Bb4 3. g3 Nc6 4. Bg2 Nf6 5. d3 h6 6. Nf3 d6 7. 0-0 0-0 8. Bd2 Bd7 9. Rb1 a6 10. a3 Ba5 11. b4 Bb6 12. a4 Qc8 13. Qc2 Bh3 14. Rfc1 Ne7 15. Qa2 c5 16. a5 cxb4 17. Rxb4 Bxg2 18. Kxg2 Ba7 19. Rcb1 Rb8 20. Na4 Nc6 21. R4b2 Ng4 22. e3 Nf6 23. Nb6 Qc7 24. d4 e4 25. Ne1 Rfd8 26. c5 dxc5 27. dxc5 Bxb6 28. cxb6 Qe5 29. Rc1 Ng4 30. h3 Nf6 31. Bc3 Qe7 32. Rd2 Rxd2 33. Bxd2 Rd8 34. Bc3 Rd6 35. Qe2 Qe6 36. Rd1 1/2-1/2